The Laws (Запис № 278434)

МАРК-запис
000 -Лідер
fixed length control field 01919nam a22002897a 4500
001 - Контрольний номер
control field 2162214035926770
003 - Ідентифікатор контрольного номера
control field UA-OsUOA
005 - Дата та час останнього входження (трансакції)
control field 20260428121327.0
008 - Елементи даних фіксованої довжини – загальна інформація
fixed length control field 260428b -ukb|||| |||| 00| fdeng d
020 ## - Міжнародний стандартний книжковий номер (ISBN)
Міжнародний стандартний книжковий номер (ISBN) (НП) 9780140442229
040 ## - Джерело каталогізації
Агенція оригінальної каталогізації UA-OsUOA
Мова каталогізації eng
Агенція, яка здійснювала перезапис UA-OsUOA
Агенція, яка здійснювала модифікацію UA-OsUOA
041 ## - Код мови
Код мови тексту/ звукової доріжки чи окремого заголовка (П) eng
080 ## - Індекс Універсальної десяткової класифікації
Індекс Універсальної десяткової класифікації (УДК) (НП) 821.111(38):34
090 ## - Локальний шифр розміщення
Класифікаційний індекс УДК 821.111(38):34
Авторський знак (НП) P72
100 ## - Основне введення – ім’я особи
Ім’я особи (НП) Plato
9 (RLIN) 3222
245 ## - Відомості про назву
Назва (НП) The Laws
Дані про відповідальність (НП) Plato ; Translated with an Introduction by Trevor J. Saunders
250 ## - Відомості про видання (редакцію)
Відомості про видання (редакцію) (НП) Reprinted with minor revisions
260 ## - Публікація, розповсюдження і т.п. (Вихідні дані)
Місце публікації, розповсюдження і т.п. (П) London
-- New York
Ім’я/ наймення видавництва, розповсюджувача і т.п. (П) Penguin Books
Дата публікації, розповсюдження і т.п. (П) 1975
300 ## - Фізичний опис
Обсяг 553 p.
490 ## - Область серії
Назва серії Penguin Classics
520 ## - Резюме і т.п.
Резюме, реферат, анотація, тощо (НП) The Laws is Plato’s final and most practical contribution to political philosophy. Unlike the idealistic vision of The Republic, this monumental work offers a detailed blueprint for the establishment of a "second-best" state—one governed not by philosopher-kings, but by a comprehensive system of legal statutes.<br/>Key Highlights:<br/>A Realistic Vision: A shift from abstract theory to the practical realities of governance, social organization, and civic education.<br/>The Rule of Law: An in-depth exploration of how laws shape human behavior, maintain order, and promote virtue within a community.<br/>Social Architecture: Detailed discussions on everything from marriage and property rights to religious festivals and criminal justice.<br/>The Athenian Stranger: A compelling dialogue between an anonymous Athenian and two companions as they walk to the cave of Zeus on Crete.<br/>Themes: The balance of power, the role of religion in society, the necessity of education, and the pursuit of a stable, virtuous civilization.
650 ## - Додаткове предметне введення – тематичний термін
Тематичний термін чи географічна назва, як елемент введення (НП) 821 Художня література окремими мовами і мовними сім'ями
9 (RLIN) 17
700 1# - Додаткове введення – ім'я особи
Ім’я особи (НП) Saunders T. J.
9 (RLIN) 25108
942 ## - Додаткові елементи входу (Коха)
Тип елемента Koha Книги
Source of classification or shelving scheme Universal Decimal Classification
955 ## - Код типу видання за змістом
Код типу видання за змістом (НП) Літературно-художні видання
Фонди
Стан вилучень Стан втрат Джерело класифікації або схеми стелажів Стан уражень Не для кредиту Постійне місце розташування Поточне розміщення Дата придбання Вартість, звичайна ціна покупки Інвентарний номер Усього замовленно Повний номер виклику Штрих-код Дата останнього перегляду Вартість, ціна заміни Ціна ефективна від Тип елемента Koha
    Universal Decimal Classification     ВІЛ - Відділ іноземн. літератури НБ ВІЛ - Відділ іноземн. літератури НБ 08/08/2005 40.00 202398   821.111(38):34 P72 202398 29/01/2019 40.00 08/02/1999 Книги